[Event "XIX Festival Conca della Presolana Magistrale"]
[Site "Bratto - Castione della Presolana ITA"]
[Date "1999.08.27"]
[Round "6"]
[White "Pagnoncelli, Marco"]
[Black "Luchsinger, Eric"]
[Result "0-1"]
[WhiteElo "2122"]
[BlackElo "2200"]
[PlyCount "118"]
[EventDate "1999.08.22"]

1.e4 e5 2.Nf3 Nf6 3.Nxe5 d6 4.Nf3 Nxe4 5.Qe2 Qe7 6.d3 Nf6 7.Bg5 Nbd7 8.Nc3
Qxe2+ 9.Bxe2 h6 10.Bh4 g5 11.Bg3 Nb6 12.Nb5 Nbd5 13.Nfd4 a6 14.c4 axb5 15.
cxd5 Bd7 16.Bf3 Ra4 17.Nc2 Bg7 18.Kd2 O-O 19.Ne3 Rfa8 20.a3 Ne8 21.Bd1 Rb4
22.axb4 Rxa1 23.b3 f5 24.f4 c5 25.bxc5 dxc5 26.Rf1 g4 27.Re1 Ra2+ 28.Bc2 
b4 29.Nd1 Bf6 30.Bf2 b6 31.h3 h5 32.hxg4 hxg4 33.Rh1 Nd6 34.Bh4 Bd4 35.Bd8
Nb5 36.Ne3 Bxe3+ 37.Kxe3 Rxc2 38.Bxb6 Nd4 39.Bxc5 Rxc5 40.Kxd4 Rc2 41.Ke5 
Rxg2 42.Kf6 Ra2 43.d6 Ra6 44.Ke7 Ra7 45.Kf6 Bc6 46.Rc1 Rf7+ 47.Ke5 Bd7 48.
d4 g3 49.Rg1 Rg7 50.d5 g2 51.Kd4 Kf8 52.Kc5 Ke8 53.Kxb4 Bc8 54.Kc5 Ba6 55.
b4 Bf1 56.b5 Kd7 57.b6 Rg3 58.Kd4 Kxd6 59.b7 Rb3 0-1

[Event "XIX Festival Conca della Presolana Magistrale"]
[Site "Bratto - Castione della Presolana ITA"]
[Date "1999.08.27"]
[Round "6"]
[White "Pass, Deborah J."]
[Black "Ranieri, Fabrizio"]
[Result "1/2-1/2"]
[WhiteElo "2030"]
[BlackElo "2155"]
[PlyCount "44"]
[EventDate "1999.08.22"]

1.e4 e6 2.d3 d5 3.Nd2 Nf6 4.Ngf3 Be7 5.c3 c5 6.g3 Nc6 7.Bg2 O-O 8.O-O b5 
9.Re1 a5 10.Qe2 Ba6 11.exd5 exd5 12.Nf1 Re8 13.Bg5 Qd7 14.Qd2 h6 15.Bxh6 
gxh6 16.Qxh6 Nh7 17.Bh3 Qc7 18.Bf5 Nf8 19.Ng5 Bxg5 20.Qxg5+ Kh8 21.Qh6+ 
Kg8 22.Qg5+ Kh8 1/2-1/2

[Event "XIX Festival Conca della Presolana Magistrale"]
[Site "Bratto - Castione della Presolana ITA"]
[Date "1999.08.27"]
[Round "6"]
[White "Patelli, Alessandro"]
[Black "Capece, Adolivio"]
[Result "1/2-1/2"]
[WhiteElo "2225"]
[BlackElo "2051"]
[PlyCount "25"]
[EventDate "1999.08.22"]

1.Nf3 c5 2.c4 Nc6 3.Nc3 g6 4.g3 Bg7 5.Bg2 d6 6.O-O Bg4 7.h3 Bd7 8.b3 Qc8 
9.Kh2 h5 10.h4 Nh6 11.Bb2 Ng4+ 12.Kg1 Nce5 13.Qc2 1/2-1/2

[Event "XIX Festival Conca della Presolana Magistrale"]
[Site "Bratto - Castione della Presolana ITA"]
[Date "1999.08.27"]
[Round "6"]
[White "Perissinotto, Claudio"]
[Black "Giretti Kanev, Jasen"]
[Result "1-0"]
[WhiteElo "1990"]
[BlackElo "2152"]
[PlyCount "77"]
[EventDate "1999.08.22"]

1.e4 c6 2.d4 d6 3.f4 Nd7 4.Nf3 g6 5.Bd3 Bg7 6.O-O Ngf6 7.e5 Nd5 8.c4 Nb4 
9.exd6 e6 10.Nc3 Nxd3 11.Qxd3 O-O 12.Be3 b6 13.Ne5 Bb7 14.Nxd7 Qxd7 15.c5 
a5 16.Qd2 Ba6 17.Rf2 b5 18.a3 b4 19.Na4 Rfb8 20.Nb6 Rxb6 21.cxb6 Qxd6 22.
axb4 axb4 23.Ra4 Bf8 24.Rf1 Qb8 25.Rfa1 Qxb6 26.b3 c5 27.dxc5 Bxc5 28.Bxc5
Qxc5+ 29.Qf2 Qc3 30.h3 Qd3 31.Qb6 Rc8 32.Rxa6 Rc2 33.Qxb4 Qe2 34.Ra8+ Kg7 
35.Qf8+ Kf6 36.Qh8+ Kf5 37.R8a5+ Kxf4 38.R1a4+ Ke3 39.Qd4# 1-0

[Event "XIX Festival Conca della Presolana Magistrale"]
[Site "Bratto - Castione della Presolana ITA"]
[Date "1999.08.27"]
[Round "6"]
[White "Profumo, Alberto"]
[Black "Lanzani, Mario"]
[Result "0-1"]
[WhiteElo "2268"]
[BlackElo "2403"]
[PlyCount "60"]
[EventDate "1999.08.22"]

1.Nf3 d5 2.d4 Bf5 3.c3 c6 4.Bf4 e6 5.e3 Nd7 6.Qb3 Qb6 7.Nbd2 h6 8.h3 Be7 
9.Be2 g5 10.Bg3 f6 11.a4 Qxb3 12.Nxb3 a5 13.Kd2 h5 14.Bc7 b6 15.Nc1 Nh6 
16.Bg3 h4 17.Bh2 Nf7 18.Bd3 Nd6 19.Bxd6 Bxd6 20.Ne2 Bxd3 21.Kxd3 e5 22.e4 
dxe4+ 23.Kxe4 Kf7 24.dxe5 Rhe8 25.Rhd1 Nxe5 26.Nxe5+ Rxe5+ 27.Kf3 Rae8 28.
Rxd6 Rf5+ 29.Kg4 Rxf2 30.g3 Rexe2 0-1

[Event "XIX Festival Conca della Presolana Magistrale"]
[Site "Bratto - Castione della Presolana ITA"]
[Date "1999.08.27"]
[Round "6"]
[White "Quinn, Mark Peter"]
[Black "Everet, Alexandro"]
[Result "1/2-1/2"]
[WhiteElo "2377"]
[BlackElo "2294"]
[PlyCount "65"]
[EventDate "1999.08.22"]

1.d4 Nf6 2.Nf3 g6 3.c4 Bg7 4.Nc3 d6 5.g3 O-O 6.Bg2 c6 7.O-O Qc7 8.h3 e5 9.
e4 Nbd7 10.Be3 b6 11.Rc1 Ba6 12.b3 Rfe8 13.Qc2 Nf8 14.Rfd1 Rad8 15.a4 Bb7 
16.dxe5 dxe5 17.c5 Rxd1+ 18.Rxd1 Ne6 19.cxb6 axb6 20.Ng5 Nd4 21.Bxd4 exd4 
22.Rxd4 c5 23.Nb5 Qe7 24.Rd6 h6 25.Nf3 Bxe4 26.Qd1 Qb7 27.Ne1 Re7 28.Rd8+ 
Kh7 29.Nd6 Qc7 30.Nb5 Qb7 31.Nd6 Qc7 32.Nb5 Qb7 33.Nd6 1/2-1/2

[Event "XIX Festival Conca della Presolana Magistrale"]
[Site "Bratto - Castione della Presolana ITA"]
[Date "1999.08.27"]
[Round "6"]
[White "Ricci, Alfredo"]
[Black "Galli, Fabio"]
[Result "1-0"]
[WhiteElo "2042"]
[BlackElo "2158"]
[PlyCount "81"]
[EventDate "1999.08.22"]

1.e4 c5 2.Nf3 e6 3.d4 cxd4 4.Nxd4 Nf6 5.Bd3 Nc6 6.Nxc6 bxc6 7.O-O d5 8.Nd2
Be7 9.e5 Nd7 10.Qg4 Nxe5 11.Qxg7 Bf6 12.Qg3 Nxd3 13.cxd3 Ba6 14.Nb3 Be7 
15.Bf4 Kd7 16.Rac1 Rg8 17.Qf3 f6 18.Nd4 Rc8 19.Qh3 f5 20.Rfe1 Rg6 21.Nf3 
Bf6 22.Qxh7+ Rg7 23.Qh6 Qe7 24.Be5 Rf7 25.Qe3 Kd8 26.Bxf6 Rxf6 27.Ne5 c5 
28.b4 f4 29.Qh3 c4 30.dxc4 Bxc4 31.a3 Qg7 32.Nxc4 Rxc4 33.Rxc4 dxc4 34.
Rd1+ Ke8 35.Qh5+ Rf7 36.Qb5+ Ke7 37.Qxc4 Qh6 38.Qd4 Rh7 39.Qd8+ Kf7 40.
Rd7+ Kg6 41.Qg8+ 1-0

[Event "XIX Festival Conca della Presolana Magistrale"]
[Site "Bratto - Castione della Presolana ITA"]
[Date "1999.08.27"]
[Round "6"]
[White "Rotstein, Arkadij"]
[Black "Szekely, Peter"]
[Result "1/2-1/2"]
[WhiteElo "2460"]
[BlackElo "2436"]
[PlyCount "48"]
[EventDate "1999.08.22"]

1.c4 g6 2.Nc3 c5 3.e3 Bg7 4.d4 Nf6 5.d5 O-O 6.Bd3 e6 7.e4 d6 8.Nge2 Ng4 9.
O-O Ne5 10.f4 Nxd3 11.Qxd3 exd5 12.cxd5 Nd7 13.f5 Qh4 14.Bf4 Ne5 15.Qd2 h6
16.Rae1 Bd7 17.Bg3 Qe7 18.Nf4 Qg5 19.Qe2 Rae8 20.Nb5 Qe7 21.fxg6 fxg6 22.
h3 Rc8 23.Nxa7 Ra8 24.Nb5 Rxa2 1/2-1/2

[Event "XIX Festival Conca della Presolana Magistrale"]
[Site "Bratto - Castione della Presolana ITA"]
[Date "1999.08.27"]
[Round "6"]
[White "Scavo, Fernando"]
[Black "Alberton, Roberto"]
[Result "1/2-1/2"]
[WhiteElo "2290"]
[BlackElo "2138"]
[PlyCount "121"]
[EventDate "1999.08.22"]

1.d4 Nf6 2.Nf3 e6 3.e3 b6 4.Bd3 Bb7 5.O-O Be7 6.c4 O-O 7.Nc3 d5 8.b3 Nbd7 
9.Bb2 c5 10.Qe2 Rc8 11.Rfd1 Qc7 12.Rac1 Qb8 13.Ne5 Rfd8 14.cxd5 Nxe5 15.
dxe5 Nxd5 16.Ne4 Nb4 17.Nf6+ gxf6 18.exf6 Bf8 19.Bxh7+ Kxh7 20.Qh5+ Kg8 
21.Rxd8 Rxd8 22.Rc4 Rd4 23.exd4 Ba6 24.Qg4+ Kh7 25.Rc3 Nd3 26.Qe4+ Kg8 27.
Rxd3 Bxd3 28.Qxd3 Qf4 29.d5 Qd6 30.Qe4 Qxd5 31.Qg4+ Kh7 32.h3 Qd2 33.Qh5+ 
Kg8 34.Qg4+ Kh7 35.Qh5+ Kg8 36.Be5 Qe1+ 37.Kh2 Qxf2 38.Qg4+ Kh7 39.Qh5+ 
Kg8 40.Qg5+ Kh7 41.Qh5+ Kg8 42.Qg4+ Kh7 43.Qe4+ Qf5 44.Qxf5+ exf5 45.Kg3 
Kg6 46.Kf3 Bh6 47.Bb8 a6 48.Ba7 b5 49.Bxc5 Kxf6 50.Be3 Bf8 51.Bd4+ Kg5 52.
Be5 Bc5 53.Bc7 Bd4 54.Bd8+ f6 55.Bc7 Be5 56.Bb6 Kg6 57.Be3 Kf7 58.Bf4 Kg6 
59.g3 Bd4 60.Be3 Be5 61.h4 1/2-1/2

[Event "XIX Festival Conca della Presolana Magistrale"]
[Site "Bratto - Castione della Presolana ITA"]
[Date "1999.08.27"]
[Round "6"]
[White "Solinas, Carlo"]
[Black "Barbafiera, Luigi"]
[Result "0-1"]
[WhiteElo "2087"]
[BlackElo "1915"]
[PlyCount "102"]
[EventDate "1999.08.22"]

1.e4 c5 2.d4 cxd4 3.c3 dxc3 4.Nxc3 e6 5.Nf3 Bb4 6.Qd4 Nc6 7.Qxg7 Qf6 8.Bh6
Be7 9.e5 Nxe5 10.Nxe5 Nxh6 11.Qxf6 Bxf6 12.f4 Bxe5 13.fxe5 Ng4 14.Be2 Nxe5
15.Nb5 Ke7 16.O-O a6 17.Nd4 d6 18.Rac1 Bd7 19.Rc7 Rab8 20.Rc3 Rhg8 21.Rh3 
Rg7 22.Rb3 Nc6 23.Nf3 e5 24.Rb6 f5 25.Rd1 Rg6 26.b4 Rbg8 27.Bf1 Nd8 28.Kf2
Bc6 29.Nh4 Rf6 30.b5 axb5 31.Bxb5 Bxb5 32.Rxb5 Rg4 33.g3 Rc4 34.Rd2 f4 35.
g4 e4 36.Re2 Ke6 37.Nf5 d5 38.h4 Ke5 39.Ne7 Rd6 40.h5 Rd7 41.Nf5 Ne6 42.
Reb2 Nc5 43.Kg2 d4 44.Nh4 d3 45.Rd2 e3 46.Nf3+ Kd6 47.Rd1 Re7 48.Rxc5 Kxc5
49.Rxd3 Rc2+ 50.Kg1 Rc1+ 51.Kg2 e2 0-1

[Event "XIX Festival Conca della Presolana Magistrale"]
[Site "Bratto - Castione della Presolana ITA"]
[Date "1999.08.27"]
[Round "6"]
[White "Temi, Walter"]
[Black "Bertazzo, Giorgio"]
[Result "1-0"]
[WhiteElo "2096"]
[BlackElo "2004"]
[PlyCount "59"]
[EventDate "1999.08.22"]

1.e4 c5 2.Nf3 d6 3.c3 Nf6 4.h3 Nc6 5.Bd3 g6 6.Bc2 Bg7 7.O-O O-O 8.d4 cxd4 
9.cxd4 a6 10.Nc3 b5 11.Bg5 Bb7 12.Re1 b4 13.Nd5 h6 14.Bxf6 exf6 15.Qd2 a5 
16.Qf4 Kh8 17.Ne3 Ne7 18.Nc4 d5 19.Nd6 Bc6 20.e5 f5 21.h4 Nc8 22.Nxf5 Kh7 
23.h5 Bd7 24.Nxg7 Kxg7 25.Qg3 Ne7 26.hxg6 fxg6 27.e6 Be8 28.Ne5 Nf5 29.Qg4
Qh4 30.Bxf5 1-0

[Event "XIX Festival Conca della Presolana Magistrale"]
[Site "Bratto - Castione della Presolana ITA"]
[Date "1999.08.27"]
[Round "6"]
[White "Trabert, Bettina"]
[Black "Zoldan, Matteo"]
[Result "1-0"]
[WhiteElo "2301"]
[BlackElo "2105"]
[PlyCount "66"]
[EventDate "1999.08.22"]

1.e4 c5 2.Nf3 d6 3.c3 Nf6 4.h3 g6 5.Bd3 Bg7 6.Bc2 O-O 7.O-O e5 8.Re1 Nc6 
9.d3 h6 10.Be3 b6 11.d4 exd4 12.cxd4 Nb4 13.Bb3 Ba6 14.Nc3 Nd3 15.Re2 cxd4
16.Bxd4 Nc5 17.Re3 Re8 18.Bd5 Rc8 19.b4 Ne6 20.Bxe6 Rxe6 21.Qa4 Bb7 22.
Qxa7 Bxe4 23.Nxe4 Nxe4 24.Bxb6 Qe8 25.Bd4 Ra8 26.Qc7 Rc8 27.Qa5 Rc2 28.
Bxg7 Kxg7 29.Nd4 Re5 30.Qb6 Rc8 31.Rae1 Rb8 32.Qc6 Rxb4 33.Qxe8 Rxe8 1-0

[Event "XIX Festival Conca della Presolana Magistrale"]
[Site "Bratto - Castione della Presolana ITA"]
[Date "1999.08.27"]
[Round "6"]
[White "Zaitsev, Vadim"]
[Black "Lapiccirella, Mattia"]
[Result "1/2-1/2"]
[WhiteElo "2411"]
[BlackElo "2124"]
[PlyCount "68"]
[EventDate "1999.08.22"]

1.Nf3 Nf6 2.g3 g6 3.b3 Bg7 4.Bb2 O-O 5.c4 d6 6.d4 c5 7.Bg2 Na6 8.O-O Rb8 
9.Nc3 cxd4 10.Nxd4 Nc5 11.Qd2 Bg4 12.h3 Bd7 13.Rac1 Ne6 14.Nd5 Nxd4 15.
Qxd4 Ne8 16.Qd2 Bxb2 17.Qxb2 Bc6 18.Rfd1 Bxd5 19.Bxd5 Nf6 20.Bf3 Qc7 21.
Kg2 Nd7 22.Kg1 Nf6 23.h4 h5 24.Qa3 b6 25.b4 Rbc8 26.Qe3 Kg7 27.a3 Rfd8 28.
Kg2 e6 29.Kg1 Qe7 30.Qg5 Rd7 31.Rd3 Rdc7 32.Qb5 d5 33.Rdc3 dxc4 34.Rxc4 
Rxc4 1/2-1/2

[Event "XIX Festival Conca della Presolana Magistrale"]
[Site "Bratto - Castione della Presolana ITA"]
[Date "1999.08.28"]
[Round "7"]
[White "Alberton, Roberto"]
[Black "Pass, Deborah J."]
[Result "1/2-1/2"]
[WhiteElo "2138"]
[BlackElo "2030"]
[PlyCount "84"]
[EventDate "1999.08.22"]

1.e4 g6 2.d4 Bg7 3.Nf3 c6 4.c3 d5 5.Nbd2 Bg4 6.Bd3 Nf6 7.e5 Nfd7 8.h3 Bxf3
9.Nxf3 e6 10.Bg5 Qc7 11.b4 a5 12.a3 b5 13.O-O Nb6 14.Re1 O-O 15.Qd2 Re8 
16.Bh6 Nc4 17.Qg5 Qe7 18.Qf4 Nd7 19.Nh2 Qf8 20.Ng4 Bxh6 21.Nxh6+ Kg7 22.
Ng4 h5 23.Nf6 Nxf6 24.Qxf6+ Kh7 25.Qf3 Kh8 26.g4 hxg4 27.hxg4 Qe7 28.Kg2 
Kg7 29.Rh1 axb4 30.axb4 Rxa1 31.Rxa1 Rh8 32.Bxc4 bxc4 33.Rh1 Rxh1 34.Kxh1 
Qh4+ 35.Kg2 Kf8 36.Qf4 Ke8 37.Qf3 Kf8 38.Qd1 Ke8 39.f3 Qg5 40.Qe1 Qf4 41.
Kf2 Qh2+ 42.Ke3 g5 1/2-1/2

[Event "XIX Festival Conca della Presolana Magistrale"]
[Site "Bratto - Castione della Presolana ITA"]
[Date "1999.08.28"]
[Round "7"]
[White "Astengo, Corrado"]
[Black "Ricci, Alfredo"]
[Result "1-0"]
[WhiteElo "2164"]
[BlackElo "2042"]
[PlyCount "77"]
[EventDate "1999.08.22"]

1.e4 c5 2.Nf3 Nc6 3.d4 cxd4 4.Nxd4 Nf6 5.Nc3 d6 6.f4 e6 7.Be3 a6 8.Qf3 Qc7
9.Bd3 Be7 10.O-O Bd7 11.Rae1 O-O 12.Kh1 b5 13.Nxc6 Bxc6 14.Bd4 b4 15.Nd1 
d5 16.e5 Ne4 17.Nf2 Nxf2+ 18.Rxf2 g6 19.Qg4 Bb5 20.h4 Bxd3 21.cxd3 h5 22.
Qh3 Qd8 23.g3 Rc8 24.Rg1 Kg7 25.g4 hxg4 26.Rxg4 Bc5 27.f5 exf5 28.Bxc5 
Rxc5 29.Rxf5 Rc1+ 30.Kg2 Qb6 31.Rf2 f5 32.Rg5 f4 33.Qf3 Kh6 34.Rg4 Rf5 35.
Rxf4 Rxe5 36.Rf8 Rf5 37.Rxf5 gxf5 38.Qf4+ Kg7 39.Qxc1 1-0

[Event "XIX Festival Conca della Presolana Magistrale"]
[Site "Bratto - Castione della Presolana ITA"]
[Date "1999.08.28"]
[Round "7"]
[White "Barbafiera, Luigi"]
[Black "Giretti Kanev, Jasen"]
[Result "1-0"]
[WhiteElo "1915"]
[BlackElo "2152"]
[PlyCount "50"]
[EventDate "1999.08.22"]

1.c4 e6 2.Nf3 Nf6 3.e3 c5 4.Nc3 Be7 5.Be2 d5 6.cxd5 exd5 7.d4 Nc6 8.dxc5 
O-O 9.O-O Bxc5 10.b3 Bf5 11.Bb2 Re8 12.Rc1 Bb6 13.Nb5 Bg6 14.Nbd4 Rc8 15.
Bb5 Qd6 16.Bd3 Ne4 17.Nh4 Nxd4 18.Nxg6 Rxc1 19.Qxc1 Nc5 20.Qc3 Nxd3 21.
Qxd3 Qxg6 22.Qxg6 Ne2+ 23.Kh1 hxg6 24.Re1 Nf4 25.Rd1 Ne6 1-0

[Event "XIX Festival Conca della Presolana Magistrale"]
[Site "Bratto - Castione della Presolana ITA"]
[Date "1999.08.28"]
[Round "7"]
[White "Barbieri, Giovanni"]
[Black "Patelli, Alessandro"]
[Result "0-1"]
[WhiteElo "2108"]
[BlackElo "2225"]
[PlyCount "86"]
[EventDate "1999.08.22"]

1.e4 c5 2.Nf3 Nc6 3.Bb5 g6 4.O-O Bg7 5.c3 Nf6 6.Re1 O-O 7.d4 cxd4 8.cxd4 
d5 9.e5 Ne4 10.h3 Qb6 11.Bf1 Bf5 12.Nc3 Rad8 13.g4 Be6 14.Na4 Qc7 15.Be3 
f6 16.Rc1 Qb8 17.exf6 exf6 18.Nc5 Bf7 19.Nh4 Nxc5 20.Rxc5 Rfe8 21.Bb5 Re6 
22.Ng2 Qc7 23.Qa4 Bf8 24.Rc2 Be8 25.Rec1 a6 26.Bxc6 Bxc6 27.Qb3 Qd7 28.Qd3
Rde8 29.Qd2 g5 30.Qd3 Qg7 31.Qf5 Qg6 32.Qxg6+ hxg6 33.a3 Bd6 34.Rc3 Kf7 
35.Ne1 Rh8 36.Kg2 a5 37.Nd3 Re4 38.Rh1 f5 39.Ne5+ Bxe5 40.f3 Rxe3 41.Rxe3 
Bxd4 42.Re2 f4 43.Rhe1 Be3 0-1

[Event "XIX Festival Conca della Presolana Magistrale"]
[Site "Bratto - Castione della Presolana ITA"]
[Date "1999.08.28"]
[Round "7"]
[White "Borgo, Giulio"]
[Black "Mauro, Alan"]
[Result "1-0"]
[WhiteElo "2444"]
[BlackElo "2278"]
[PlyCount "101"]
[EventDate "1999.08.22"]

1.e4 c5 2.Nf3 Nc6 3.Bb5 g6 4.Bxc6 bxc6 5.O-O Bg7 6.Re1 d6 7.e5 d5 8.d3 Qc7
9.Bf4 Rb8 10.Nbd2 e6 11.c4 Bh6 12.Bxh6 Nxh6 13.Nb3 Qe7 14.Qc1 Nf5 15.cxd5 
cxd5 16.Nxc5 O-O 17.d4 Rb5 18.a4 Rb4 19.Qd2 a5 20.Nd3 Rb3 21.Ra3 Rxa3 22.
bxa3 Qxa3 23.Nc5 Kg7 24.h4 h6 25.Rb1 Re8 26.Qb2 Qxb2 27.Rxb2 g5 28.hxg5 
hxg5 29.g4 Nh6 30.Rb5 Nxg4 31.Rxa5 f6 32.Ra7+ Kg6 33.Nd3 fxe5 34.Nfxe5+ 
Nxe5 35.Nxe5+ Kf5 36.f3 g4 37.Rf7+ Kg5 38.f4+ Kh6 39.Nxg4+ Kg6 40.Ne5+ Kh6
41.Ra7 Rf8 42.Ra8 Rxf4 43.Rxc8 Rxd4 44.a5 Ra4 45.Ra8 Kg5 46.a6 Kf4 47.Nc6 
Ke3 48.a7 Ra1+ 49.Kg2 Ra2+ 50.Kg3 d4 51.Nxd4 1-0

[Event "XIX Festival Conca della Presolana Magistrale"]
[Site "Bratto - Castione della Presolana ITA"]
[Date "1999.08.28"]
[Round "7"]
[White "Bresciani, Nicola"]
[Black "Rotstein, Arkadij"]
[Result "0-1"]
[WhiteElo "2275"]
[BlackElo "2460"]
[PlyCount "90"]
[EventDate "1999.08.22"]

1.e4 c5 2.Nf3 e6 3.d4 cxd4 4.Nxd4 Nc6 5.Nc3 Qc7 6.Be2 a6 7.O-O Nf6 8.Be3 
Be7 9.f4 d6 10.Qe1 O-O 11.Kh1 Nxd4 12.Bxd4 b5 13.a3 Bb7 14.Qg3 g6 15.Bf3 
Bc6 16.Rad1 a5 17.e5 dxe5 18.Bxe5 Qb7 19.a4 bxa4 20.Nxa4 Rfd8 21.Bxc6 Qxc6
22.Nc3 Nd7 23.Bd4 Bf6 24.Qe3 Rdc8 25.Rf2 Bxd4 26.Qxd4 Nc5 27.Rfd2 a4 28.
Qe5 Qb7 29.h3 Qxb2 30.Rb1 Qa3 31.Kh2 Rf8 32.Qd4 Rad8 33.Qxd8 Rxd8 34.Rxd8+
Kg7 35.Nb5 Qe3 36.Rf1 Qe2 37.Rb1 Qf2 38.Rd4 Qxc2 39.Rbd1 Nb3 40.Rd8 Qc4 
41.Nd6 Qxf4+ 42.Kh1 a3 43.Ne8+ Kh6 44.R8d3 Qa4 45.Rf1 a2 0-1

[Event "XIX Festival Conca della Presolana Magistrale"]
[Site "Bratto - Castione della Presolana ITA"]
[Date "1999.08.28"]
[Round "7"]
[White "Capece, Adolivio"]
[Black "Gorelli Fagiolini, Marco"]
[Result "0-1"]
[WhiteElo "2051"]
[BlackElo "2206"]
[PlyCount "55"]
[EventDate "1999.08.22"]

1.c4 e6 2.g3 Nf6 3.Bg2 d5 4.Nc3 Be7 5.d4 O-O 6.Nf3 dxc4 7.Ne5 Nc6 8.Nxc6 
bxc6 9.Bxc6 Rb8 10.O-O Rb6 11.Bg2 Nd5 12.Re1 Ba6 13.Nxd5 exd5 14.Rb1 Bf6 
15.b4 Re8 16.a4 Bc8 17.a5 Rb5 18.Ba3 Bf5 19.Rc1 Bg5 20.e3 c6 21.g4 Bd3 22.
Rc3 Be7 23.Rxd3 cxd3 24.Qxd3 Bxb4 25.Bxb4 Rxb4 26.Qa3 Rxd4 27.Qc5 Rxg4 28.
f3 0-1

[Event "XIX Festival Conca della Presolana Magistrale"]
[Site "Bratto - Castione della Presolana ITA"]
[Date "1999.08.28"]
[Round "7"]
[White "Cebalo, Miso"]
[Black "Trabert, Bettina"]
[Result "1/2-1/2"]
[WhiteElo "2453"]
[BlackElo "2301"]
[PlyCount "137"]
[EventDate "1999.08.22"]

1.d4 d5 2.Nf3 c6 3.c4 e6 4.Qc2 dxc4 5.Qxc4 Nf6 6.Bg5 Be7 7.g3 h6 8.Bxf6 
Bxf6 9.Nc3 Nd7 10.Bg2 O-O 11.O-O e5 12.Rad1 Nb6 13.Qc5 exd4 14.Nxd4 Qe7 
15.b4 Nd7 16.Qxe7 Bxe7 17.b5 cxb5 18.Nd5 Bc5 19.Nxb5 Rb8 20.Rc1 a6 21.Nbc7
b6 22.Rfd1 Ne5 23.Nf4 a5 24.h3 Bb7 25.Bxb7 Rxb7 26.Nb5 Rd7 27.Rxd7 Nxd7 
28.Rd1 Nf6 29.Kg2 Re8 30.Kf3 Kf8 31.e3 Rc8 32.g4 Bb4 33.h4 Be7 34.g5 hxg5 
35.hxg5 Nh7 36.g6 fxg6 37.Nxg6+ Kf7 38.Nd6+ Bxd6 39.Rxd6 Ng5+ 40.Kg4 Ne4 
41.Rxb6 Nxf2+ 42.Kf5 Nd3 43.Rb7+ Ke8 44.e4 Rc2 45.Rxg7 Rxa2 46.e5 Nxe5 47.
Nxe5 Rb2 48.Ra7 a4 49.Rxa4 Rb7 50.Ra8+ Ke7 51.Rg8 Kd6 52.Rg1 Rb5 53.Rg6+ 
Kc7 54.Ke4 Rb4+ 55.Kd5 Rb5+ 56.Kd4 Rb1 57.Rc6+ Kb7 58.Rc2 Rd1+ 59.Kc5 Rg1 
60.Rh2 Rc1+ 61.Nc4 Kc7 62.Rh7+ Kd8 63.Kd6 Rd1+ 64.Ke6 Re1+ 65.Ne5 Kc8 66.
Rh2 Kc7 67.Rh3 Kb6 68.Kd5 Rd1+ 69.Nd3 1/2-1/2

[Event "XIX Festival Conca della Presolana Magistrale"]
[Site "Bratto - Castione della Presolana ITA"]
[Date "1999.08.28"]
[Round "7"]
[White "De Barberis, Massimo"]
[Black "Dorighet, Claudio"]
[Result "0-1"]
[WhiteElo "2096"]
[BlackElo "2121"]
[PlyCount "32"]
[EventDate "1999.08.22"]

1.e4 c5 2.Nf3 d6 3.d4 cxd4 4.Nxd4 Nf6 5.Nc3 g6 6.Bg5 Bg7 7.Bb5+ Bd7 8.Qe2 
a6 9.Bxd7+ Nbxd7 10.O-O-O Rc8 11.h4 Rxc3 12.bxc3 Qa5 13.Kb1 O-O 14.Nb3 
Qxc3 15.Bc1 Nc5 16.f3 Nfxe4 0-1

[Event "XIX Festival Conca della Presolana Magistrale"]
[Site "Bratto - Castione della Presolana ITA"]
[Date "1999.08.28"]
[Round "7"]
[White "Drabke, Lorenz Maximilian"]
[Black "Profumo, Alberto"]
[Result "1-0"]
[WhiteElo "2102"]
[BlackElo "2268"]
[PlyCount "81"]
[EventDate "1999.08.22"]

1.e4 c6 2.d4 d5 3.Nd2 dxe4 4.Nxe4 Bf5 5.Ng3 Bg6 6.Bc4 e6 7.N1e2 Bd6 8.h4 
h6 9.Nf4 Bxf4 10.Bxf4 Nf6 11.c3 Nbd7 12.h5 Bh7 13.Qf3 O-O 14.O-O-O Qa5 15.
a3 c5 16.dxc5 Nxc5 17.Bxh6 Qa4 18.Rd2 Qxc4 19.Bxg7 Nfe4 20.Bd4 f6 21.Qg4+ 
Kf7 22.Nxe4 Nxe4 23.Bxf6 Kxf6 24.Rd7 Rg8 25.Qf4+ Bf5 26.Qh6+ Bg6 27.Qf4+ 
Bf5 28.Qh6+ Bg6 29.hxg6 Ng5 30.Rd4 Qc7 31.f4 Nf3 32.g7+ Kf7 33.Qh5+ Ke7 
34.Qxf3 Rxg7 35.Re1 Kf7 36.Qh5+ Kg8 37.Rxe6 Rf8 38.Rh6 Rh7 39.Rxh7 Qxh7 
40.Qxh7+ Kxh7 41.g3 1-0

[Event "XIX Festival Conca della Presolana Magistrale"]
[Site "Bratto - Castione della Presolana ITA"]
[Date "1999.08.28"]
[Round "7"]
[White "Drazic, Sinisa"]
[Black "Epishin, Vladimir V."]
[Result "1/2-1/2"]
[WhiteElo "2493"]
[BlackElo "2657"]
[PlyCount "49"]
[EventDate "1999.08.22"]

1.Nf3 Nf6 2.g3 g6 3.b3 Bg7 4.Bb2 b6 5.Bg2 Bb7 6.O-O c5 7.c4 O-O 8.Nc3 e6 
9.d4 Qe7 10.e3 Rd8 11.Rc1 cxd4 12.Nxd4 Bxg2 13.Kxg2 Nc6 14.e4 a6 15.Re1 
Ne8 16.Nf3 d6 17.Re2 Qb7 18.h4 Ne5 19.Nd4 Nc7 20.Rd2 b5 21.cxb5 axb5 22.
Qe2 h5 23.Ba1 Rab8 24.f4 Ng4 25.Nf3 1/2-1/2

[Event "XIX Festival Conca della Presolana Magistrale"]
[Site "Bratto - Castione della Presolana ITA"]
[Date "1999.08.28"]
[Round "7"]
[White "Everet, Alexandro"]
[Black "Dervishi, Erald"]
[Result "0-1"]
[WhiteElo "2294"]
[BlackElo "2496"]
[PlyCount "120"]
[EventDate "1999.08.22"]

1.d4 Nf6 2.c4 e6 3.Nc3 d5 4.cxd5 exd5 5.Nf3 Be7 6.Qc2 O-O 7.e3 b6 8.Bd3 
Bb7 9.O-O Nbd7 10.b3 a6 11.Bb2 Bd6 12.e4 dxe4 13.Nxe4 Nxe4 14.Bxe4 Bxe4 
15.Qxe4 Nf6 16.Qc6 Qe8 17.d5 Qxc6 18.dxc6 Ne4 19.Nd4 g6 20.Rfe1 Rfe8 21.
Rad1 Rad8 22.a3 Nc5 23.Rxe8+ Rxe8 24.g3 f6 25.b4 Ne6 26.Nc2 Kf7 27.Ne3 Rd8
28.Rc1 Be7 29.Kf1 b5 30.a4 Bxb4 31.Rb1 Bc5 32.Ng4 bxa4 33.Bxf6 Rd2 34.Bc3 
Rc2 35.Be5 Bf8 36.Rd1 g5 37.Rd7+ Kg6 38.f4 gxf4 39.gxf4 Rxc6 40.Ne3 Rc1+ 
41.Ke2 Ng7 42.Rd4 a3 43.Ra4 Rc6 44.Kf3 Nf5 45.Nc4 Nd6 46.Nxa3 Kf5 47.Bd4 
Ke6 48.Ra5 Nb7 49.Re5+ Kd7 50.Re3 Bb4 51.Nb1 Nd6 52.Kg4 Nb5 53.Bb2 Rc2 54.
Rd3+ Ke8 55.Rb3 a5 56.f5 Rxh2 57.f6 Kf7 58.Be5 Re2 59.Kf5 Nd6+ 60.Kf4 Re4+
0-1

[Event "XIX Festival Conca della Presolana Magistrale"]
[Site "Bratto - Castione della Presolana ITA"]
[Date "1999.08.28"]
[Round "7"]
[White "Galli, Fabio"]
[Black "Solinas, Carlo"]
[Result "0-1"]
[WhiteElo "2158"]
[BlackElo "2087"]
[PlyCount "38"]
[EventDate "1999.08.22"]

1.e4 e5 2.Nf3 Nc6 3.d4 exd4 4.Bc4 Nf6 5.O-O Bc5 6.Re1 d6 7.e5 dxe5 8.Nxe5 
O-O 9.Bf4 Nxe5 10.Bxe5 Bf5 11.Nd2 Bd6 12.Nf3 c5 13.Nh4 Be6 14.Bd3 Bxe5 15.
Rxe5 Ng4 16.Nf3 Nxe5 17.Nxe5 Qf6 18.f4 Qxf4 19.Qh5 Qh6 0-1

[Event "XIX Festival Conca della Presolana Magistrale"]
[Site "Bratto - Castione della Presolana ITA"]
[Date "1999.08.28"]
[Round "7"]
[White "Griffa, Roberto"]
[Black "Castaldo, Folco"]
[Result "1/2-1/2"]
[WhiteElo "2053"]
[BlackElo "2225"]
[PlyCount "49"]
[EventDate "1999.08.22"]

1.d4 e6 2.Nf3 Nf6 3.e3 b6 4.Bd3 Bb7 5.O-O Be7 6.c4 O-O 7.Nc3 d5 8.cxd5 
exd5 9.Ne5 c5 10.f4 Nc6 11.Bd2 cxd4 12.Nxc6 Bxc6 13.exd4 Ne4 14.f5 Nxd2 
15.Qxd2 Bg5 16.Qf2 Qf6 17.Rae1 Rfe8 18.g3 Qh6 19.Nd1 Bd2 20.Re5 f6 21.Re6 
Ba4 22.b3 Bd7 23.Rd6 Re7 24.Qf3 Kh8 25.Qxd5 1/2-1/2